Statistics for Biggest Cities of Europe in 117 AD with a Map

Click here to take the quiz!

General Stats

  • This quiz has been taken 295 times
    (191 since last reset)
  • The average score is 27 of 97

Answers on the Map

Answers color-coded by a green-red scale on the quiz's map according to % correct below.
 

Answer Stats

PopulationCity% Correct
1MRoma
(Rome)
97%
60kAthenae
(Athens)
94%
37kLondinium
(London)
93%
35kByzantium
(Istanbul)
84%
15kNeapolis
(Naples)
84%
21kMediolanum
(Milan)
81%
70kThessalonica
(Thessaloniki)
80%
60kLugdunum
(Lyon)
78%
16kBurdigala
(Bordeaux)
73%
85kSyracusae
(Syracuse)
72%
40kRhodos
(Rhodes)
67%
19kCorduba
(Córdoba)
65%
17kTolosa
(Toulouse)
65%
65kCorinthus
(Corinth)
60%
16kSerdica
(Sofia)
59%
28kCatana
(Catania)
56%
23kRavenna
54%
17kCaralis
(Cagliari)
52%
15kGades
(Cádiz)
48%
14kPhilippopolis
(Plovdiv)
46%
28kAugusta Treverorum
(Trier)
45%
20kMogontiacum
(Mainz)
41%
28kPatavium
(Padua)
41%
43kNarbo Martius
(Narbonne)
38%
42kNemausus
(Nîmes)
38%
30kIader
(Zadar)
34%
18kDyrrhachium
(Durrës)
33%
35kOstia Antica
(Ostia)
33%
29kPanticapaeum
(Kerch)
33%
22kIuliomagus
(Angers)
32%
15kAugusta Emerita
(Mérida)
31%
38kAmbianorum
(Amiens)
30%
22kAugustoritum
(Limoges)
29%
23kCos
(Kos)
29%
15kPictavium
(Poitiers)
29%
30kArgos
28%
55kAgrigentum
(Agrigento)
27%
31kSamos
(Chora)
26%
19kAvaricum
(Bourges)
25%
44kCapua
25%
16kCydonia
(Chania)
23%
35kDemetrias
(Volos)
22%
20kBeneventum
(Benevento)
21%
15kColonia Ulpia Traiana
(Xanten)
21%
16kLilybaeum
(Marsala)
21%
29kPella
20%
15kVesontio
(Besançon)
20%
20kAquileia
19%
17kAugustonemetum
(Clermont-Ferrand)
19%
15kAugustobona Tricassium
(Troyes)
18%
47kAgedincum
(Sens)
16%
35kAutricum
(Chartres)
16%
26kMediolanum Santorum
(Saintes)
16%
31kMegara
16%
22kMytilene
16%
17kVerulamium
(St Albans)
16%
41kAugustodunum
(Autun)
15%
18kDelus
(Delos)
15%
31kGisacum
(Le Vieil-Évreux)
15%
18kAntium
(Anzio)
14%
14kAstigi
(Écija)
14%
41kNicopolis
(Preveza)
14%
25kGortyna
(Gortyn)
13%
25kPuteoli
(Pozzuoli)
13%
37kEdessa
12%
14kSirmium
(Sremska Mitrovica)
12%
65kAmphipolis
(Amfipoli)
11%
18kAugusta Suessionum
(Soissons)
11%
26kTarquinii
(Tarquinia)
11%
14kBeroea
(Veria)
10%
16kEretria
10%
22kMessene
(Mavrommati)
10%
27kPaestum
10%
15kCumae
(Cuma)
9%
22kDivona Cadurcorum
(Cahors)
8%
23kHierapytna
(Ierapetra)
8%
15kPlataea
(Plataies)
8%
17kApulum
(Alba Iulia)
7%
14kLocri
7%
15kNoviomagus Lexoviorum
(Lisieux)
7%
15kOvilava
(Wels)
7%
46kTegea
7%
15kViroconium Cornoviorum
(Wroxeter)
7%
17kVolci
(Montalto di Castro)
7%
29kAltinum
(Altino)
6%
18kCorinium Dobunnorum
(Cirencester)
6%
30kMaronea
(Maroneia)
6%
42kSicyon
(Sikyona)
6%
19kAlesia
(Alise-Sainte-Reine)
5%
25kMantinea
(Mantineia)
5%
23kNuceria Alfaterna
(Nocera Superiore)
5%
17kPherae
(Velestino)
5%
15kThermae Himeraea
(Termini Imerese)
5%
14kHalus
4%
17kOrchomenus
(Orchomenos)
4%
14kStratus
(Stratos)
4%
25kIntaranum
(Entrains-sur-Nohain)
3%

Score Distribution

Percentile by Number Answered

Percent of People with Each Score

Your Score History

You have not taken this quiz since the last reset